Funchal - Choix multiples - Statistiques

Statistiques générales
  • Ce quiz a été pris 17 fois
  • Le résultat moyen est 5 sur 10
Statistiques - réponses
Question Réponse % Correct
À quel pays appartient cette île ? Au Portugal
100%
Sur quelle île se situe Funchal ? Madère
94%
Reconnaissez-vous Funchal sur l'une des images suivantes ?
63%
Quel légume donne son origine étymologique au nom Funchal ? Le fenouil
63%
Reconnaissez-vous le Funchal parmi les paquebots suivants ?
50%
Quelle catastrophe toucha une partie de la ville de Funchal en 2016 ? Un incendie
50%
Quel personnage de la littérature française est représenté à Funchal dans une fresque murale dans le cadre du projet « Arte de portas abertas » ? Le Petit Prince d'Antoine de Saint-Exupéry
44%
Quel empereur s'exila à Funchal et y termina sa vie ? Charles d'Autriche-Hongrie
25%
L'impératrice Amélie finança à Funchal la construction d'un hôpital au nom de sa fille Marie-Amélie, décédée de la tuberculose dans la même ville. De quel pays Amélie était-elle impératrice ? Le Brésil
25%
Comment appelle-t-on les halles de Funchal, bâtiment historique de 1940 qui a conservé son style architectural d'époque, art déco (la réponse est traduite en français) ? Le Marché fermier
25%
Aucun quiz correspondant
Distribution des résultats
% des personnes avec chaque résultat
Percentile par nombre de réponses
Votre historique - résultats
Vous n’avez pas pris ce quiz